000 00549nam a2200229Ia 4500
003 OSt
005 20220918180324.0
006 a|||||r|||| 00| 0
007 ta
008 220917b |||||||| |||| 00| 0 eng d
024 _a21,828
037 _cTextual
040 _aARTS
_cARTS
_beng
041 _2eng
_aeng
082 _aO:3M60:27, G2
100 _aBarrie J M
245 0 _aMy lady Nicotine
260 _c1932
650 _aENGLISH LITERATURE
942 _hO:3M60:27, G2
_cTEXL
_2CC
999 _c161150
_d161150